Learning to keep your marriage value alive (Record no. 65314)
[ view plain ]
| 000 -LEADER | |
|---|---|
| fixed length control field | 01153cam a2200241 4500 |
| 001 - CONTROL NUMBER | |
| control field | ABS63197 |
| 008 - FIXED-LENGTH DATA ELEMENTS--GENERAL INFORMATION | |
| fixed length control field | 000000n2000 000 0 eng u |
| 035 ## - SYSTEM CONTROL NUMBER | |
| System control number | (Sirsi) u109406 |
| 100 ## - MAIN ENTRY--PERSONAL NAME | |
| Personal name | Youens, A |
| 245 ## - TITLE STATEMENT | |
| Title | Learning to keep your marriage value alive |
| 260 ## - PUBLICATION, DISTRIBUTION, ETC. | |
| Date of publication, distribution, etc. | 2000 |
| 490 ## - SERIES STATEMENT | |
| Series statement | Property Week |
| Volume/sequential designation | 65(42) 27 October 2000, 104-105 |
| 520 ## - SUMMARY, ETC. | |
| Summary, etc. | Looks at the concept of marriage value, and explains its existence in property transactions. Suggests that proactive management could facilitate opportune circumstances for gaining profits, and gives examples of such situations. Provides insight into marriage values in the tenanted residential sector and looks at their occurence in the valuation of leasehold enfranchisement and the investment market. Example tables: valuation for lease enfranchisement (new method); valuation to recoup capital on leasehold interests. |
| 590 ## - LOCAL NOTE (RLIN) | |
| Local note | ABS |
| 650 ## - SUBJECT ADDED ENTRY--TOPICAL TERM | |
| Topical term or geographic name entry element | MARRIAGE VALUE |
| 650 ## - SUBJECT ADDED ENTRY--TOPICAL TERM | |
| Topical term or geographic name entry element | VALUATION METHODS |
| 650 ## - SUBJECT ADDED ENTRY--TOPICAL TERM | |
| Topical term or geographic name entry element | MERGER VALUE |
| 650 ## - SUBJECT ADDED ENTRY--TOPICAL TERM | |
| Topical term or geographic name entry element | LEASEHOLD ENFRANCHISEMENT |
| 650 ## - SUBJECT ADDED ENTRY--TOPICAL TERM | |
| Topical term or geographic name entry element | PROPERTY TRANSACTIONS |
| 650 ## - SUBJECT ADDED ENTRY--TOPICAL TERM | |
| Topical term or geographic name entry element | FREEHOLDS |
| 690 ## - LOCAL SUBJECT ADDED ENTRY--TOPICAL TERM (OCLC, RLIN) | |
| Topical term or geographic name as entry element | LANDLORD AND TENANT-LEASES |
| 942 ## - ADDED ENTRY ELEMENTS (KOHA) | |
| Suppress in OPAC | 0 |
| Withdrawn status | Lost status | Source of classification or shelving scheme | Damaged status | Not for loan | Home library | Current library | Shelving location | Date acquired | Total Checkouts | Full call number | Barcode | Date last seen | Copy number | Price effective from | Koha item type |
|---|---|---|---|---|---|---|---|---|---|---|---|---|---|---|---|
| Dewey Decimal Classification | London | London | Journal article | 20/11/2000 | ABS63197 | 109406-1001 | 06/08/2019 | 1 | 06/08/2019 | Journal article |